000
00309nam a2200133Ia 4500
100
_a
Millman/J/ Halkias/ C.C.
942
_c
BK
654
_a
Electronic device
245
_a
Electronic devices & circuits
260
_b
Tata Mc Graw hill
_a
New Delhi
_c
1991
300
_a
752
546
_a
ENGLISH
999
_c
32757
_d
32757